000 00609nam a2200229 a 4500
001 BRL_1706
005 20190320211330.0
008 270514s1972----mx-a######---#000-0#spa-#
041 _aspa
044 _amx
050 4 _aGT4014.A2
_b.W37 1972
100 1 _aWarman Gryj, Arturo
_927685
245 1 0 _aLa danza de moros y cristianos
_cArturo Warman Gryj.
260 _aMéxico
_bSEP
_c1972
300 _a167 p.
_bil.
_c17 cm.
440 0 _aSepsetentas
_v46
_922717
500 _aAu2118
650 1 4 _aMoros y cristianos (danza)
_927686
650 1 4 _aDanza
_zMéxico
_927687
902 _aGRL
942 _2lcc
_cB
999 _c10514
_d10514